• 首页
  • 本馆介绍
  • 公告通知
  • 最新文献
  • 馆藏检索
  • 电子资源
  • 读者导购
  • 参考咨询
  • 我的图书馆
  • 登录
  • 详细信息显示
  • 放入我的书架
  • 预约/预借图书
  • 作者相关作品
  • 分类相关作品
  • 丛书相关作品
  • 出版社相关作品

书目信息

  • 表格格式
  • 工作单格式
  • 卡片格式
题名:
小说文体论
    
 
作者: Leech Geoffrey N. , Short Michael H. 著 ;申丹 导读
分册:   [英文版]
出版信息: 北京   外语教学与研究出版社  2001
页数: 39,411页
开本: 23cm
丛书名: 当代国外语言学与应用语言学文库
单 册:
中图分类: I054 , H315
科图分类:
主题词: 英语 , 小说 , 英语--小说--文学语言--研究--英文 , 文学语言 , 英语
电子资源:
ISBN: 7-5600-2382-7
000 01478nam0 2200385 450
000 01429nam0 2200361 450
000 01362nam0 2200337 450
000 01326nam0 2200325 45
005 20070802164853.26
010    @a7-5600-2382-7@dCNY37.90
100    @a20070729d2001 em y0chiy0120 ea
101 1  @achi@ceng
102    @aCN@b110000
105    @ay z 001yy
200 1  @a小说文体论@AXiao Shuo Wen Ti Lun@e英语小说的语言学入门@EYing Yu Xiao Shuo De Yu Yan Xue Ru Men@i[英文版]@I[ Ying Wen Ban ]@fGeoffrey N.Leech,( )Michael H.Short著@FGeoffrey N.Leech,( )Michael H.Short Zhu@g申丹导读
210    @a北京@c外语教学与研究出版社@d2001
215    @a39,411页@d23cm
225 2  @a当代国外语言学与应用语言学文库
305    @a培生教育集团授权出版
330    @a本书分为两大部分,第一部分包括第一至第四章,探讨的主题为“研究派别和方法”;第二部分包括第五至第十章,探讨的主题为“文体的各个方面”。
410  0 @12001 @a当代国外语言学与应用语言学文库
510 1  @aStyle in Fiction : A Linguistic Introduction to English Fictional Prose@zeng
517 1  @a英语小说的语言学入门@AYing Yu Xiao Shuo De Yu Yan Xue Ru Men
606 0  @a英语
606 0  @a小说
606 0  @a英语@x小说@x文学语言@x研究@x英文
606 0  @a文学语言
606 0  @a英语
690    @aI054@v4
690    @aH315@v3
701  1 @aLeech Geoffrey N.@4著
701  1 @aShort Michael H.@4著
702  0 @a申丹@AShen Dan@4导读
801  0 @aCN@bTAOJIN@c20070802
905    @a10447@dH315@e536
    
    小说文体论:英语小说的语言学入门.[英文版]/Geoffrey N.Leech,( )Michael H.Short著/申丹导读.-北京:外语教学与研究出版社,2001
    39,411页;23cm.-(当代国外语言学与应用语言学文库 )
    
    
    ISBN 7-5600-2382-7:CNY37.90
    本书分为两大部分,第一部分包括第一至第四章,探讨的主题为“研究派别和方法”;第二部分包括第五至第十章,探讨的主题为“文体的各个方面”。
●
相关链接 在E读中查询图书 在五车中查询图书 在当当中查询图书 在豆瓣中查询图书


正题名:小说文体论     索取号:H315/536         预约/预借

序号 登录号 条形码 馆藏地/架位号 状态 备注
1 0826763   208267631   第二样本阅览室/ [索取号:H315/536] 在馆    
2 0826764   208267640   第四借阅区/ [索取号:H315/536] 在馆    
3 0826765   208267659   第四借阅区/ [索取号:H315/536] 在馆    
4 0826766   208267668   第四借阅区/ [索取号:H315/536] 在馆    
5 0826767   208267677   第四借阅区/ [索取号:H315/536] 在馆    
唐山师范学院图书馆 欢迎您!
大连网信软件有限公司© 版权所有